[Event "25th Klatovy A 2017"]
[Site "Klatovy CZE"]
[Date "2017.07.01"]
[Round "1.1"]
[White "Neuman, Petr"]
[Black "Hlavac, Rudolf"]
[Result "1-0"]
[WhiteElo "2442"]
[BlackElo "2031"]
[PlyCount "65"]
[EventDate "2017.07.01"]
[EventType "swiss"]
[EventRounds "9"]
[EventCountry "CZE"]
[SourceTitle "EXT 2018"]
[Source "ChessBase"]
[SourceDate "2017.10.13"]
[SourceVersion "1"]
[SourceVersionDate "2017.10.13"]
[SourceQuality "1"]

1. Nf3 Nf6 2. c4 g6 3. Nc3 d5 4. cxd5 Nxd5 5. Qc2 Bg7 6. e4 Nb6 7. d4 Bg4 8. Ne5 Be6 9. Be3 O-O 10. O-O-O c6 11. f4 Qc8 12. h4 f6 13. Nf3 Bg4 14. Be2 N8d7 15. h5 Bxh5 16. Rh4 Bxf3 17. gxf3 Rf7 18. Qb3 Nf8 19. a4 e6 20. f5 g5 21. Rhh1 Qe8 22. a5 Nc8 23. fxe6 Re7 24. d5 Nd6 25. f4 gxf4 26. Bxf4 Rd8 27. Qb4 Nc8 28. Bg4 Kh8 29. Bf5 Ng6 30. Bg3 Bf8 31. Qd4 Bg7 32. Qf2 Nd6 33. Qh2 1-0

[Event "25th Klatovy A 2017"]
[Site "Klatovy CZE"]
[Date "2017.07.01"]
[Round "1.2"]
[White "Kunc, Jan"]
[Black "Nomin Erdene, Davaademberel"]
[Result "0-1"]
[WhiteElo "2015"]
[BlackElo "2373"]
[PlyCount "100"]
[EventDate "2017.07.01"]
[EventType "swiss"]
[EventRounds "9"]
[EventCountry "CZE"]
[SourceTitle "EXT 2018"]
[Source "ChessBase"]
[SourceDate "2017.10.13"]
[SourceVersion "1"]
[SourceVersionDate "2017.10.13"]
[SourceQuality "1"]

1. e4 c6 2. Nf3 d5 3. Nc3 dxe4 4. Nxe4 Nf6 5. Nxf6+ exf6 6. d4 Bd6 7. Bd3 O-O 8. O-O Bg4 9. c4 Nd7 10. Bd2 Re8 11. Bc3 Nf8 12. Bc2 Ne6 13. Qd3 g6 14. g3 Bf8 15. Rfe1 Bxf3 16. Qxf3 Nxd4 17. Qd3 Nxc2 18. Qxc2 Re6 19. Rad1 Qe7 20. Qd3 Re8 21. Kf1 Bg7 22. Qd7 Rxe1+ 23. Bxe1 Qe2+ 24. Kg1 Bf8 25. Bc3 Bc5 26. Rd2 Qe1+ 27. Kg2 Kg7 28. Qd3 Qe6 29. Qf3 Bb6 30. b3 Bc7 31. Rd7 Re7 32. Rd2 Be5 33. Bd4 b6 34. Bc3 Rd7 35. Qe3 Rxd2 36. Bxd2 c5 37. Qh6+ Kg8 38. Qe3 Bd4 39. Qf3 Kg7 40. Bf4 Qe1 41. Bb8 a6 42. Bc7 b5 43. g4 bxc4 44. bxc4 Qe6 45. Qa3 Qc6+ 46. f3 Qxc7 47. Qxa6 Qe5 48. a4 Qe2+ 49. Kg3 Qf2+ 50. Kf4 Be5+ 0-1

[Event "25th Klatovy A 2017"]
[Site "Klatovy CZE"]
[Date "2017.07.01"]
[Round "1.3"]
[White "Hausner, Ivan"]
[Black "Hajek, Jiri2"]
[Result "0-1"]
[WhiteElo "2363"]
[BlackElo "2013"]
[PlyCount "94"]
[EventDate "2017.07.01"]
[EventType "swiss"]
[EventRounds "9"]
[EventCountry "CZE"]
[SourceTitle "EXT 2018"]
[Source "ChessBase"]
[SourceDate "2017.10.13"]
[SourceVersion "1"]
[SourceVersionDate "2017.10.13"]
[SourceQuality "1"]

1. d4 Nf6 2. Bg5 e6 3. Nd2 Be7 4. e4 d5 5. e5 Nfd7 6. Bxe7 Qxe7 7. Ngf3 c5 8. c3 Nc6 9. Bd3 cxd4 10. cxd4 Qb4 11. O-O Nxd4 12. Nxd4 Qxd4 13. Nf3 Qxb2 14. Qa4 O-O 15. Rfe1 f5 16. exf6 Qxf6 17. Rac1 e5 18. Qb3 Qd6 19. Bb5 Nc5 20. Qc3 b6 21. Qxe5 Qxe5 22. Rxe5 Bb7 23. Nd4 Rac8 24. Rce1 a6 25. Bf1 b5 26. a3 Rc7 27. g3 Rd8 28. R1e3 g6 29. h4 Rb8 30. Rc3 Ne6 31. Rxc7 Nxc7 32. Re7 Ne8 33. Bh3 Ng7 34. Rc7 Ba8 35. Nb3 Nh5 36. Ra7 Nf6 37. Rxa6 Ne4 38. Ra7 d4 39. Nxd4 Bd5 40. Ra5 Bc4 41. Bg2 Nc5 42. Nc6 Re8 43. Nd4 Re1+ 44. Kh2 Nd3 45. Nxb5 Nxf2 46. Bf3 Ng4+ 47. Kg2 Bf1+ 0-1

[Event "25th Klatovy A 2017"]
[Site "Klatovy CZE"]
[Date "2017.07.01"]
[Round "1.4"]
[White "Ondrejat, Miroslav"]
[Black "Formanek, Martin"]
[Result "0-1"]
[WhiteElo "2010"]
[BlackElo "2273"]
[PlyCount "125"]
[EventDate "2017.07.01"]
[EventType "swiss"]
[EventRounds "9"]
[EventCountry "CZE"]
[TimeControl "7800+1520"]

1. e4 c5 2. Nf3 d6 3. d4 cxd4 4. Nxd4 Nf6 5. Nc3 a6 6. Be2 e5 7. Nb3 Be7 8. O-O O-O 9. a4 Be6 10. f4 Qc7 11. f5 Bc4 12. Bxc4 Qxc4 13. Qd3 Qxd3 14. cxd3 Nc6 15. Bg5 Nb4 16. Rf3 Rfd8 17. Rd1 Rac8 18. d4 exd4 19. Rxd4 Nc6 20. Rd1 Ne5 21. Rff1 Nc4 22. Bc1 Re8 23. Rfe1 Bd8 24. h3 Bb6+ 25. Kf1 Ba7 26. Nd4 Nd7 27. Nd5 Bxd4 28. Rxd4 f6 29. b3 Nce5 30. Ba3 Nc5 31. Rb1 b5 32. axb5 axb5 33. Nf4 Nc6 34. Rxd6 Nxe4 35. Rd3 Ne5 36. Rd4 Ng3+ 37. Kg1 Nxf5 38. Rd5 Rb8 39. Bc5 Kf7 40. b4 Ne7 41. Rd6 N7c6 42. Rbd1 Red8 43. Ne6 Rxd6 44. Rxd6 Re8 45. Nc7 Rb8 46. Kf2 Rb7 47. Ne6 Rd7 48. Rxd7+ Nxd7 49. Nc7 Nxc5 50. bxc5 b4 51. Ke3 f5 52. Kd3 Kf6 53. Kc4 Ke5 54. Na6 b3 55. Kxb3 Kd4 56. Nc7 g6 57. Ne6+ Ke3 58. Kc4 Kf2 59. Nd4 Ne7 60. c6 Kxg2 61. c7 f4 62. Nc6 Nc8 63. Kd4 0-1

[Event "25th Klatovy A 2017"]
[Site "Klatovy CZE"]
[Date "2017.07.01"]
[Round "1.5"]
[White "Weber, Dirk"]
[Black "Kucera, Tomas"]
[Result "1-0"]
[WhiteElo "2269"]
[BlackElo "1993"]
[PlyCount "97"]
[EventDate "2017.07.01"]
[EventType "swiss"]
[EventRounds "9"]
[EventCountry "CZE"]
[SourceTitle "EXT 2018"]
[Source "ChessBase"]
[SourceDate "2017.10.13"]
[SourceVersion "1"]
[SourceVersionDate "2017.10.13"]
[SourceQuality "1"]

1. e4 e6 2. d4 c5 3. d5 exd5 4. exd5 d6 5. Nf3 Nf6 6. Nc3 Be7 7. Bb5+ Nbd7 8. a4 O-O 9. O-O a6 10. Be2 Re8 11. h3 Nf8 12. Bf4 Ng6 13. Bh2 b6 14. Nd2 Bf8 15. Nc4 Rb8 16. Na3 Bb7 17. Re1 Qd7 18. Bc4 Rxe1+ 19. Qxe1 Re8 20. Qf1 Qc8 21. Rd1 Qa8 22. Bb3 Qd8 23. Nc4 Ne4 24. Nxe4 Rxe4 25. c3 Re8 26. Ne3 Qg5 27. Qd3 Nf4 28. Qf5 Qxf5 29. Nxf5 Bc8 30. Nh6+ gxh6 31. Bxf4 Re2 32. Bd2 b5 33. Kf1 Re5 34. axb5 axb5 35. Bf4 Re4 36. Bg3 b4 37. Ra1 bxc3 38. bxc3 Bd7 39. c4 Rd4 40. f3 Bf5 41. Ke1 Bd3 42. Ra4 Be7 43. Bf2 Rf4 44. Kd2 Bf1 45. Ra1 Bxg2 46. Rg1 Bg5 47. Be3 Rd4+ 48. Ke2 Bxe3 49. Kxe3 1-0

[Event "25th Klatovy A 2017"]
[Site "Klatovy CZE"]
[Date "2017.07.01"]
[Round "1.6"]
[White "Krauskopfova, Lenka 1996"]
[Black "Novotny, Michal"]
[Result "0-1"]
[WhiteElo "1986"]
[BlackElo "2264"]
[PlyCount "30"]
[EventDate "2017.07.01"]
[EventType "swiss"]
[EventRounds "9"]
[EventCountry "CZE"]
[SourceTitle "EXT 2018"]
[Source "ChessBase"]
[SourceDate "2017.10.13"]
[SourceVersion "1"]
[SourceVersionDate "2017.10.13"]
[SourceQuality "1"]

1. c4 e6 2. Nc3 d5 3. d4 Bb4 4. a3 Bxc3+ 5. bxc3 Nf6 6. e3 O-O 7. Nf3 Nc6 8. Be2 Na5 9. Nd2 b6 10. O-O Bb7 11. a4 dxc4 12. f3 Nd5 13. Nxc4 Nxc3 14. Qc2 Nxe2+ 15. Qxe2 Ba6 0-1

[Event "25th Klatovy A 2017"]
[Site "Klatovy CZE"]
[Date "2017.07.01"]
[Round "1.7"]
[White "Jurek, Josef"]
[Black "Kubat, Miroslav"]
[Result "1-0"]
[WhiteElo "2263"]
[BlackElo "1983"]
[PlyCount "49"]
[EventDate "2017.07.01"]
[EventType "swiss"]
[EventRounds "9"]
[EventCountry "CZE"]
[SourceTitle "EXT 2018"]
[Source "ChessBase"]
[SourceDate "2017.10.13"]
[SourceVersion "1"]
[SourceVersionDate "2017.10.13"]
[SourceQuality "1"]

1. Nf3 d5 2. c4 c6 3. d4 Nf6 4. Nc3 g6 5. cxd5 cxd5 6. Bf4 Bg7 7. e3 O-O 8. Bd3 Nc6 9. O-O Bg4 10. h3 Bxf3 11. Qxf3 Rc8 12. Rfc1 e6 13. Bg5 h6 14. Bh4 g5 15. Bg3 Nh7 16. Nb5 Nb4 17. Bxh7+ Kxh7 18. Rxc8 Qxc8 19. Bd6 Nc2 20. Bxf8 Nxa1 21. Bxg7 Qc1+ 22. Kh2 Kxg7 23. Nd6 f5 24. Qg3 Qc6 25. Qe5+ 1-0

[Event "25th Klatovy A 2017"]
[Site "Klatovy CZE"]
[Date "2017.07.01"]
[Round "1.8"]
[White "Strnad, Jakub"]
[Black "Bujnoch, Radek"]
[Result "0-1"]
[WhiteElo "1980"]
[BlackElo "2261"]
[PlyCount "54"]
[EventDate "2017.07.01"]
[EventType "swiss"]
[EventRounds "9"]
[EventCountry "CZE"]
[SourceTitle "EXT 2018"]
[Source "ChessBase"]
[SourceDate "2017.10.13"]
[SourceVersion "1"]
[SourceVersionDate "2017.10.13"]
[SourceQuality "1"]

1. e4 c5 2. Nf3 Nc6 3. d4 cxd4 4. Nxd4 Nf6 5. Nc3 e5 6. Ndb5 d6 7. a4 a6 8. Na3 Bg4 9. f3 Be6 10. Bg5 Rc8 11. Bxf6 gxf6 12. Nd5 f5 13. exf5 Qa5+ 14. Nc3 Bxf5 15. Bd3 Be6 16. Be4 Nd4 17. Qd2 f5 18. Bd3 d5 19. Nab1 Qb6 20. Nd1 e4 21. fxe4 dxe4 22. a5 Qd6 23. Ra3 exd3 24. Rxd3 Nxc2+ 25. Kf2 Qc5+ 26. Kf3 Bg7 27. Qe2 Kf7 0-1

[Event "25th Klatovy A 2017"]
[Site "Klatovy CZE"]
[Date "2017.07.01"]
[Round "1.9"]
[White "Slovak, Kilian"]
[Black "Skopec, Lubos"]
[Result "1-0"]
[WhiteElo "2254"]
[BlackElo "1972"]
[PlyCount "121"]
[EventDate "2017.07.01"]
[EventType "swiss"]
[EventRounds "9"]
[EventCountry "CZE"]
[SourceTitle "EXT 2018"]
[Source "ChessBase"]
[SourceDate "2017.10.13"]
[SourceVersion "1"]
[SourceVersionDate "2017.10.13"]
[SourceQuality "1"]

1. e4 c5 2. Nf3 d6 3. d4 cxd4 4. Nxd4 Nf6 5. Nc3 g6 6. Be3 Bg7 7. f3 O-O 8. Qd2 Nc6 9. O-O-O d5 10. Kb1 Nxd4 11. e5 Nf5 12. exf6 exf6 13. Nxd5 Nxe3 14. Qxe3 Be6 15. Bc4 Re8 16. Nf4 Qc8 17. Bxe6 fxe6 18. Rd6 Bh6 19. Rxe6 Rxe6 20. Qxe6+ Qxe6 21. Nxe6 Re8 22. Nd4 Be3 23. Re1 Re5 24. Nb3 Kf7 25. c3 f5 26. Nd2 Rd5 27. Nc4 Bg5 28. Kc2 b5 29. Ne5+ Kf6 30. Nd3 Kf7 31. Re5 Rxe5 32. Nxe5+ Ke6 33. Nc6 Kd6 34. Nd4 a6 35. Kd3 Kd5 36. Nc2 Kc5 37. b3 Bf6 38. Nb4 a5 39. Nc2 Be5 40. h3 Bf6 41. Ne3 Bg7 42. Nc2 Bf6 43. Ne3 Bg7 44. g4 fxg4 45. fxg4 Bf6 46. a3 a4 47. b4+ Kc6 48. c4 Bg7 49. Nc2 bxc4+ 50. Kxc4 Bf8 51. Ne1 Bg7 52. Nd3 Bf6 53. b5+ Kb6 54. Kb4 Be7+ 55. Kxa4 Bd6 56. Nf2 h5 57. Ne4 Be7 58. gxh5 gxh5 59. Ng3 h4 60. Nf5 Bg5 61. Kb4 1-0

[Event "25th Klatovy A 2017"]
[Site "Klatovy CZE"]
[Date "2017.07.01"]
[Round "1.10"]
[White "Schuster, Jan"]
[Black "Kopta, Pavel"]
[Result "0-1"]
[WhiteElo "1967"]
[BlackElo "2238"]
[PlyCount "64"]
[EventDate "2017.07.01"]
[EventType "swiss"]
[EventRounds "9"]
[EventCountry "CZE"]
[SourceTitle "EXT 2018"]
[Source "ChessBase"]
[SourceDate "2017.10.13"]
[SourceVersion "1"]
[SourceVersionDate "2017.10.13"]
[SourceQuality "1"]

1. e4 c5 2. g3 d5 3. exd5 Qxd5 4. Qf3 Nf6 5. Nc3 Qe5+ 6. Qe2 Qxe2+ 7. Ngxe2 Nc6 8. Bg2 Bd7 9. a3 O-O-O 10. d3 e6 11. h3 Be7 12. Bd2 Nb8 13. O-O-O Bc6 14. Ne4 c4 15. f3 cxd3 16. N2c3 dxc2 17. Kxc2 Nxe4 18. fxe4 Nd7 19. Rhe1 Bf6 20. Be3 b6 21. Bf1 Kb7 22. Bf4 Bxc3 23. Kxc3 e5 24. Be3 Nf6 25. Rxd8 Rxd8 26. Bg5 Rd6 27. Bd3 h6 28. Bc1 Rd4 29. Be3 Nxe4+ 30. Kc2 Ba4+ 31. b3 Bxb3+ 32. Kxb3 Rxd3+ 0-1

[Event "25th Klatovy A 2017"]
[Site "Klatovy CZE"]
[Date "2017.07.01"]
[Round "1.11"]
[White "Lacina, Adolf"]
[Black "Cecil, Pavel"]
[Result "1-0"]
[WhiteElo "2237"]
[BlackElo "1967"]
[PlyCount "99"]
[EventDate "2017.07.01"]
[EventType "swiss"]
[EventRounds "9"]
[EventCountry "CZE"]
[SourceTitle "EXT 2018"]
[Source "ChessBase"]
[SourceDate "2017.10.13"]
[SourceVersion "1"]
[SourceVersionDate "2017.10.13"]
[SourceQuality "1"]

1. e4 e6 2. d4 d5 3. Nd2 Nf6 4. e5 Nfd7 5. Bd3 c5 6. c3 Nc6 7. Ne2 cxd4 8. cxd4 f6 9. exf6 Qxf6 10. Nf3 h6 11. O-O Bd6 12. Bb1 O-O 13. a3 Rd8 14. Nc3 a6 15. Re1 Nf8 16. Be3 Bd7 17. h3 Be8 18. Nh2 Bg6 19. Ng4 Qh4 20. Bxg6 Nxg6 21. Bxh6 gxh6 22. Rxe6 Kg7 23. Nxd5 Bh2+ 24. Kxh2 Rxd5 25. Qb3 Rb5 26. Rxg6+ Kxg6 27. Qe6+ Kg7 28. d5 Rf8 29. dxc6 Qg5 30. Rd1 bxc6 31. Qxc6 h5 32. Rd7+ Rf7 33. Rxf7+ Kxf7 34. Qc7+ Kf8 35. Qd6+ Kf7 36. f4 Qg7 37. Ne5+ Kg8 38. b4 Kh7 39. Qxa6 Rd5 40. Qe2 Kh6 41. b5 Qf6 42. Qc4 Rd2 43. a4 Kh7 44. Qe4+ Kg7 45. a5 Rf2 46. Nf3 Qb2 47. Nd4 Rd2 48. Qe5+ Kg8 49. Qg5+ Kf8 50. Nf5 1-0

[Event "25th Klatovy A 2017"]
[Site "Klatovy CZE"]
[Date "2017.07.01"]
[Round "1.12"]
[White "Zizka, Petr"]
[Black "Burnett, Andrew"]
[Result "0-1"]
[WhiteElo "1966"]
[BlackElo "2211"]
[PlyCount "130"]
[EventDate "2017.07.01"]
[EventType "swiss"]
[EventRounds "9"]
[EventCountry "CZE"]
[SourceTitle "EXT 2018"]
[Source "ChessBase"]
[SourceDate "2017.10.13"]
[SourceVersion "1"]
[SourceVersionDate "2017.10.13"]
[SourceQuality "1"]

1. b3 Nh6 2. Bb2 f6 3. d4 d5 4. e3 c6 5. Bd3 Bf5 6. Ba3 Nd7 7. Nf3 Bxd3 8. cxd3 e6 9. Bxf8 Nxf8 10. Nc3 Nd7 11. b4 O-O 12. O-O Qe7 13. Qa4 Rfc8 14. Rac1 a5 15. b5 Qb4 16. Qb3 c5 17. Qc2 cxd4 18. Nxd4 e5 19. Nde2 d4 20. exd4 exd4 21. a3 Qxa3 22. Nxd4 Ne5 23. f4 Neg4 24. Rfe1 Qc5 25. Qa2+ Kh8 26. Nce2 Qb6 27. Qe6 Qxe6 28. Nxe6 Rxc1 29. Rxc1 Nf5 30. d4 h5 31. Nc7 Rd8 32. d5 Nge3 33. Nc3 Rd7 34. b6 Ne7 35. Ne4 N7xd5 36. Nc5 Re7 37. Nxb7 a4 38. Nc5 Nxb6 39. Nb5 Ned5 40. g3 h4 41. Ra1 h3 42. Nxa4 Nxa4 43. Rxa4 Re1+ 44. Kf2 Rh1 45. Kf3 Rxh2 46. Ra1 Rb2 47. Nd4 Rb4 48. Ne2 Rb3+ 49. Kf2 g5 50. fxg5 fxg5 51. Ra4 Rd3 52. g4 Kh7 53. Ng3 Rd2+ 54. Kf3 Kg6 55. Ra6+ Kf7 56. Ne2 Nf6 57. Ra7+ Kg6 58. Ra3 Rd1 59. Kg3 Re1 60. Ra2 Nd5 61. Kxh3 Rxe2 62. Ra6+ Nf6 63. Kg3 Re4 64. Kf3 Rf4+ 65. Kg3 Rxg4+ 0-1

[Event "25th Klatovy A 2017"]
[Site "Klatovy CZE"]
[Date "2017.07.01"]
[Round "1.13"]
[White "Toman, Ondrej"]
[Black "Spicka, Jan"]
[Result "1/2-1/2"]
[WhiteElo "2206"]
[BlackElo "1959"]
[PlyCount "84"]
[EventDate "2017.07.01"]
[EventType "swiss"]
[EventRounds "9"]
[EventCountry "CZE"]
[SourceTitle "EXT 2018"]
[Source "ChessBase"]
[SourceDate "2017.10.13"]
[SourceVersion "1"]
[SourceVersionDate "2017.10.13"]
[SourceQuality "1"]

1. e4 c5 2. Nf3 Nc6 3. Bb5 g6 4. O-O Bg7 5. d3 d6 6. Bxc6+ bxc6 7. h3 e5 8. c4 Ne7 9. a3 a5 10. Nc3 O-O 11. Rb1 Rb8 12. Bd2 h6 13. Na2 Be6 14. b4 cxb4 15. axb4 axb4 16. Rxb4 f5 17. Rxb8 Qxb8 18. Nc3 Kh7 19. Qc2 Qc7 20. Ra1 Rb8 21. Ra6 Bc8 22. Ra2 Be6 23. Be3 f4 24. Bd2 g5 25. Rb2 g4 26. hxg4 Bxg4 27. Nh2 Be6 28. Rxb8 Qxb8 29. Na4 Ng6 30. Qb2 Qxb2 31. Nxb2 d5 32. Ba5 dxe4 33. dxe4 Bf8 34. Nf3 Ba3 35. Nd3 Bxc4 36. Ndxe5 Nxe5 37. Nxe5 Bb5 38. Bd2 c5 39. Bxf4 c4 40. Nf3 Bc6 41. Nd2 Bc1 42. Be3 c3 1/2-1/2

[Event "25th Klatovy A 2017"]
[Site "Klatovy CZE"]
[Date "2017.07.01"]
[Round "1.14"]
[White "Danek, Vaclav"]
[Black "Trmal, Jaroslav"]
[Result "0-1"]
[WhiteElo "1953"]
[BlackElo "2201"]
[PlyCount "112"]
[EventDate "2017.07.01"]
[EventType "swiss"]
[EventRounds "9"]
[EventCountry "CZE"]
[SourceTitle "EXT 2018"]
[Source "ChessBase"]
[SourceDate "2017.10.13"]
[SourceVersion "1"]
[SourceVersionDate "2017.10.13"]
[SourceQuality "1"]

1. e4 e5 2. Nf3 Nc6 3. Bb5 a6 4. Ba4 Nf6 5. d3 b5 6. Bb3 Be7 7. c3 O-O 8. O-O d6 9. Re1 Na5 10. Bc2 c5 11. Nbd2 Nc6 12. Nf1 Qc7 13. Ne3 g6 14. h3 Bb7 15. Nh2 Nb8 16. Nhg4 Nbd7 17. Qf3 h5 18. Nh2 Nb6 19. Qg3 Nh7 20. Nf3 Bf6 21. Nf5 Kh8 22. N5h4 a5 23. Ng5 Nxg5 24. Bxg5 Qe7 25. Bxf6+ Qxf6 26. Re3 Qf4 27. Rf1 Qxg3 28. fxg3 Kg7 29. Ref3 f6 30. R3f2 b4 31. Nf3 d5 32. Nd2 d4 33. c4 Bc8 34. Bd1 Be6 35. Be2 Nc8 36. Nb3 Nb6 37. Nxc5 Bc8 38. Nb3 a4 39. Nd2 Nd7 40. g4 hxg4 41. Bxg4 Nc5 42. Bxc8 Raxc8 43. Rf3 Rc6 44. g4 Ne6 45. Kh2 Nf4 46. Kg3 g5 47. Rh1 Rh8 48. h4 gxh4+ 49. Rxh4 Ne2+ 50. Kf2 Rxh4 51. Kxe2 Rxg4 52. Rf2 Rc8 53. Nf3 Rh8 54. Ne1 b3 55. axb3 axb3 56. Nf3 Ra8 0-1

[Event "25th Klatovy A 2017"]
[Site "Klatovy CZE"]
[Date "2017.07.01"]
[Round "1.15"]
[White "Duhayon, Yves"]
[Black "Richter, Martin1"]
[Result "1-0"]
[WhiteElo "2198"]
[BlackElo "1945"]
[PlyCount "79"]
[EventDate "2017.07.01"]
[EventType "swiss"]
[EventRounds "9"]
[EventCountry "CZE"]
[SourceTitle "EXT 2018"]
[Source "ChessBase"]
[SourceDate "2017.10.13"]
[SourceVersion "1"]
[SourceVersionDate "2017.10.13"]
[SourceQuality "1"]

1. d4 d5 2. c4 c6 3. Nc3 Nf6 4. e3 e6 5. Nf3 Nbd7 6. b3 Bb4 7. Bd2 O-O 8. Be2 Re8 9. O-O dxc4 10. bxc4 e5 11. Rb1 Bf8 12. h3 exd4 13. exd4 Nb6 14. Bg5 h6 15. Bh4 Be7 16. Re1 Be6 17. Qb3 Nh5 18. Bxe7 Rxe7 19. Bf1 Nf4 20. Re4 Ng6 21. Rbe1 Rd7 22. R4e3 Qc7 23. Ne4 Re7 24. Nc5 Rae8 25. Nxe6 Rxe6 26. Rxe6 Rxe6 27. Rxe6 fxe6 28. Qe3 Nf8 29. Ne5 Nbd7 30. Nd3 Qa5 31. Qe2 Qc3 32. Nf4 e5 33. dxe5 Qxe5 34. Qd2 Nc5 35. g3 Ne4 36. Qe3 Ne6 37. Nxe6 Qxe6 38. Qxa7 Qf6 39. Bd3 Qe7 40. Qe3 1-0

[Event "25th Klatovy A 2017"]
[Site "Klatovy CZE"]
[Date "2017.07.01"]
[Round "1.16"]
[White "Novy, Daniel"]
[Black "Hadraba, Vladimir"]
[Result "1/2-1/2"]
[WhiteElo "1942"]
[BlackElo "2197"]
[PlyCount "35"]
[EventDate "2017.07.01"]
[EventType "swiss"]
[EventRounds "9"]
[EventCountry "CZE"]
[SourceTitle "EXT 2018"]
[Source "ChessBase"]
[SourceDate "2017.10.13"]
[SourceVersion "1"]
[SourceVersionDate "2017.10.13"]
[SourceQuality "1"]

1. e4 c5 2. Nf3 e6 3. d4 cxd4 4. Nxd4 a6 5. Be3 Nf6 6. Bd3 d5 7. e5 Nfd7 8. f4 Nc5 9. O-O Nxd3 10. Qxd3 Nc6 11. Nd2 Be7 12. Rf3 f5 13. exf6 Bxf6 14. Nxc6 bxc6 15. Bc5 Be7 16. Bd4 Bf6 17. Bc5 Be7 18. Bd4 1/2-1/2

[Event "25th Klatovy A 2017"]
[Site "Klatovy CZE"]
[Date "2017.07.01"]
[Round "1.17"]
[White "Bartos, Jan"]
[Black "Bartonicek, Zdenek"]
[Result "1/2-1/2"]
[WhiteElo "2189"]
[BlackElo "1942"]
[PlyCount "83"]
[EventDate "2017.07.01"]
[EventType "swiss"]
[EventRounds "9"]
[EventCountry "CZE"]
[SourceTitle "EXT 2018"]
[Source "ChessBase"]
[SourceDate "2017.10.13"]
[SourceVersion "1"]
[SourceVersionDate "2017.10.13"]
[SourceQuality "1"]

1. d4 Nf6 2. c4 c5 3. d5 d6 4. Nc3 e5 5. e4 Be7 6. Bd3 Nbd7 7. Nf3 O-O 8. O-O Ne8 9. a3 g6 10. Bh6 Ng7 11. Qd2 Nf6 12. h3 Bd7 13. b4 b6 14. bxc5 bxc5 15. Rfb1 Rb8 16. Rxb8 Qxb8 17. Rb1 Qc7 18. Nb5 Qb6 19. a4 a6 20. Nc3 Qc7 21. Qb2 Bc8 22. Bd2 Nfh5 23. Qb6 Bd8 24. Qxc7 Bxc7 25. Ne2 f5 26. exf5 gxf5 27. Bc2 f4 28. Ne1 Nf5 29. f3 Nhg3 30. Nxg3 Nxg3 31. Bd3 Kg7 32. Nc2 Nf5 33. Kf2 Kf6 34. Ne1 h5 35. Rb2 h4 36. Nc2 Ke7 37. Na3 Nd4 38. Nb1 Kd8 39. Bc3 Nf5 40. Bd2 Nd4 41. Bc3 Nf5 42. Be2 1/2-1/2

[Event "25th Klatovy A 2017"]
[Site "Klatovy CZE"]
[Date "2017.07.01"]
[Round "1.18"]
[White "Kejzlar, Lubos"]
[Black "Miesbauer, Jan"]
[Result "0-1"]
[WhiteElo "1940"]
[BlackElo "2186"]
[PlyCount "46"]
[EventDate "2017.07.01"]
[EventType "swiss"]
[EventRounds "9"]
[EventCountry "CZE"]
[SourceTitle "EXT 2018"]
[Source "ChessBase"]
[SourceDate "2017.10.13"]
[SourceVersion "1"]
[SourceVersionDate "2017.10.13"]
[SourceQuality "1"]

1. e4 c5 2. Nc3 Nc6 3. Bb5 Nd4 4. Bc4 g6 5. Nge2 Bg7 6. O-O a6 7. d3 e6 8. Nxd4 cxd4 9. Ne2 Ne7 10. Bg5 h6 11. Bh4 b5 12. Bb3 Bb7 13. f4 f5 14. e5 Qb6 15. Qd2 a5 16. a4 b4 17. Bxe7 Kxe7 18. Bc4 Rag8 19. Ng3 Kd8 20. Rf2 Bf8 21. Kf1 h5 22. Ne2 h4 23. h3 g5 0-1

[Event "25th Klatovy A 2017"]
[Site "Klatovy CZE"]
[Date "2017.07.01"]
[Round "1.19"]
[White "Vorisek, Jaroslav"]
[Black "Novotny, Jaroslav2"]
[Result "1-0"]
[WhiteElo "2185"]
[BlackElo "1933"]
[PlyCount "45"]
[EventDate "2017.07.01"]
[EventType "swiss"]
[EventRounds "9"]
[EventCountry "CZE"]
[SourceTitle "EXT 2018"]
[Source "ChessBase"]
[SourceDate "2017.10.13"]
[SourceVersion "1"]
[SourceVersionDate "2017.10.13"]
[SourceQuality "1"]

1. d4 Nf6 2. c4 e6 3. g3 d5 4. Bg2 c6 5. Nc3 Bd6 6. Nf3 O-O 7. O-O Nbd7 8. b3 Re8 9. Bb2 b6 10. Qc2 Bb7 11. e4 Nxe4 12. Nxe4 dxe4 13. Qxe4 Qf6 14. Ne5 Bxe5 15. dxe5 Qe7 16. Rfd1 Rac8 17. Rd6 Rc7 18. Rad1 Nf8 19. c5 b5 20. Bc3 Rd7 21. Qd4 Rc7 22. Ba5 Rcc8 23. Bd8 1-0

[Event "25th Klatovy A 2017"]
[Site "Klatovy CZE"]
[Date "2017.07.01"]
[Round "1.20"]
[White "Odehnal, Jaroslav"]
[Black "Furman, Boris"]
[Result "1/2-1/2"]
[WhiteElo "1930"]
[BlackElo "2177"]
[PlyCount "46"]
[EventDate "2017.07.01"]
[EventType "swiss"]
[EventRounds "9"]
[EventCountry "CZE"]
[SourceTitle "EXT 2018"]
[Source "ChessBase"]
[SourceDate "2017.10.13"]
[SourceVersion "1"]
[SourceVersionDate "2017.10.13"]
[SourceQuality "1"]

1. e4 c5 2. Nf3 Nc6 3. d4 cxd4 4. Nxd4 Nf6 5. Nc3 d6 6. Bc4 e6 7. O-O Be7 8. Be3 O-O 9. Qe2 d5 10. exd5 exd5 11. Bb3 Re8 12. Qb5 Nb4 13. Rad1 a6 14. Qe2 Qa5 15. Rfe1 Bg4 16. f3 Bd7 17. a3 Nc6 18. Qf2 Bd8 19. Rd2 Re5 20. Red1 Rxe3 21. Qxe3 Nxd4 22. Rxd4 Bb6 23. Qd2 Re8 1/2-1/2

[Event "25th Klatovy A 2017"]
[Site "Klatovy CZE"]
[Date "2017.07.01"]
[Round "1.21"]
[White "Dvorak, Jan"]
[Black "Srba, Stanislav"]
[Result "1/2-1/2"]
[WhiteElo "2174"]
[BlackElo "1924"]
[PlyCount "71"]
[EventDate "2017.07.01"]
[EventType "swiss"]
[EventRounds "9"]
[EventCountry "CZE"]
[SourceTitle "EXT 2018"]
[Source "ChessBase"]
[SourceDate "2017.10.13"]
[SourceVersion "1"]
[SourceVersionDate "2017.10.13"]
[SourceQuality "1"]

1. c4 e5 2. g3 Nf6 3. Bg2 g6 4. Nc3 Bg7 5. Nf3 d6 6. d3 O-O 7. O-O Nc6 8. Rb1 a5 9. a3 Bf5 10. e4 Bg4 11. h3 Be6 12. b4 axb4 13. axb4 b6 14. Nd5 Qd7 15. Bg5 Ne8 16. b5 Bxd5 17. exd5 Na5 18. Be3 h6 19. Qc1 Kh7 20. d4 f5 21. dxe5 dxe5 22. Rd1 g5 23. d6 e4 24. dxc7 Qxc7 25. Nd4 Qxc4 26. Nc6 Qe6 27. Bxb6 Nxc6 28. Qxc6 Qxc6 29. bxc6 Rc8 30. Rbc1 Rf6 31. Rd8 Rcxc6 32. Rxc6 Rxc6 33. Rxe8 Rxb6 34. g4 Kg6 35. gxf5+ Kxf5 36. Bxe4+ 1/2-1/2

[Event "25th Klatovy A 2017"]
[Site "Klatovy CZE"]
[Date "2017.07.01"]
[Round "1.22"]
[White "Brunova, Blanka"]
[Black "Palek, Miroslav"]
[Result "0-1"]
[WhiteElo "1922"]
[BlackElo "2174"]
[PlyCount "58"]
[EventDate "2017.07.01"]
[EventType "swiss"]
[EventRounds "9"]
[EventCountry "CZE"]
[SourceTitle "EXT 2018"]
[Source "ChessBase"]
[SourceDate "2017.10.13"]
[SourceVersion "1"]
[SourceVersionDate "2017.10.13"]
[SourceQuality "1"]

1. e4 d5 2. exd5 Nf6 3. Nc3 Nxd5 4. Bc4 c6 5. Qf3 e6 6. Qg3 Qd6 7. Nge2 Qxg3 8. Nxg3 b5 9. Be2 b4 10. Nxd5 exd5 11. d4 Bd6 12. O-O O-O 13. Be3 f5 14. f4 Nd7 15. c4 bxc3 16. bxc3 Nf6 17. a4 Re8 18. Bc1 Rb8 19. Ba3 Bxa3 20. Rxa3 Rb2 21. Bd3 Ne4 22. a5 Rd2 23. Rf3 Rd1+ 24. Nf1 Nd2 25. Rf2 Nxf1 26. Bxf1 Ba6 27. c4 Bxc4 28. Raf3 Ree1 29. g3 Be2 0-1